000 02116cam a2200541 4500
001 21539
003 VRT
005 20260303163603.0
008 240108s2023 xo a c 010 j slo
015 _aSNBA2024/03
020 _a9788056637128
_q(viazané)
039 9 _a202407021130
_bAUTHORITY
_c202406101338
_dAUTHORITY
_c202403041014
_dmsnk176
_c202401221501
_dmsnk04
040 _aSVKBB
_bslo
_cSVKBB
_dSNK
_erda
041 1 _aslo
_heng
044 _axo
_cSK
072 7 _a821.111-3
_xAnglická próza, anglicky písaná
_2konspekt
072 7 _a821-93
_xLiteratúra pre deti a mládež (beletria)
_2konspekt
080 _a821.111-32
_22011
080 _a(093.3)
_22011
080 _a82-93-053.4/.5
_22011
100 1 _aJohnson, Pete,
_d1965-
_4aut
240 1 0 _aHow to update your parents
_lSlovensky
245 1 0 _aAko si updatovať rodičov
_cPete Johnson ; z anglického originálu How to update your parents ... preložila Kristína Horková
250 _aDruhé slovenské vydanie
264 1 _aBratislava
_bFragment
_c2023
300 _a247 strán
_bčiernobiele ilustrácie
_c20 cm
336 _atext
_btxt
_2rdacontent
337 _abez média
_bn
_2rdamedia
338 _azväzok
_bnc
_2rdacarrier
500 _aVydalo vydavateľstvo Fragment v spoločnosti Albatros Media Slovakia, s.r.o.
521 1 _aPre čitateľov od 10 rokov
655 7 _aanglické príbehy
_2SNKPH
655 7 _aEnglish stories
_2SNKPHeng
655 7 _aliteratúra pre deti
_2SNKPH
655 7 _aChildren's literature
_2SNKPHeng
655 7 _adenníky
_2SNKPH
655 7 _aDiaries
_2SNKPHeng
700 1 _aHorková, Kristína
_c(prekladateľka)
_4trl
700 1 _aCatlow, Nikalas,
_d1975-
_4ill
710 2 _aAlbatros Media Slovakia.
_bFragment
_4pbl
787 0 8 _iZo série:
_tLouisovi rodičia
_g4
942 _2ddc
_cKLDE
_n0
949 _6273K0686177
_asvkpoA 254436
_bsvkpo676545
949 _617A1541481
_asnkSD 92170
_bsnk2024/1208
_o2009/2023
949 _617A1541482
_asnkSD 92170 D1
_bsnk2024/1209
_o2009/2023
949 _6270001000674700
_asvkbbA 168429-4
_bsvkbbm 808717
999 _c21539
_d21539